000 00756nam a2200241 i 4500
003 DO-SdBNP
005 20250206101005.0
007 ta
008 091110t2006 dr 001 f spa d
040 _aDO-SdBNP
_bspa
_cBNPHU
_erda
082 4 _bH542e
_222
100 1 _aDisla, Edwin,
_d1961-
_eautor
_928921
245 1 3 _aEstirpe de una maestra :
_bMaria Socorro del Rosario Sánchez /
_cZoraida Heredia Vda. Suncar
264 _aSanto Domingo :
_bSecretaria de Estado de la Mujer,
_c2006.
300 _a18 páginas ;
_c22 cm.
336 _2rdacontent
_atexto
_btxt
337 _2rdamedia
_asin mediación
_bn
338 _2rdacarrier
_avolumen
_bnc
590 _aInventariado, 2023/DG
650 0 _aNovela dominicana
_9223
910 _aDG
942 _2ddc
_cLF2
999 _c55394
_d55394